000 00608nam a2200193 4500
001 136409
003 ES-MaACL
007 t|
008 070214s1944 ag r ||||1| spa d
100 1 _aSachs, Curt.
_9101247
245 1 0 _aHistoria universal de la danza /
_cCurt Sachs ; traducción de Adolfo E. Jascalevich.
260 _aBuenos Aires :
_bCenturión,
_c1944.
300 _a505 p., 33 lám. :
_bil. ;
_c28 cm.
490 1 _aCol. arte
700 1 _aJascalevich, Adolfo E.
_966147
830 0 0 _aColección arte
_9189462
852 _aES-MaACL
_jB-1769
_bR.27075
999 _c136409
_d136409